00494nam a2200205Ia 4500003000900000008004100009040001300050040001300063041000800076100001900084100000900103245006900112250001000181260002000191260000900211300001200220300001200232490000600244710003800250IT-RoPAU120407s9999 xx 000 0 und d aIT-RoPAU cIT-RoPAU aita aPio Vito Pinto ccur. aCommento al Codice di Diritto Canonico. A cura di Pio Vito Pinto aRoma  aUrbaniana Press c1985 a1162 p. c20,5 cm v1 aPontificia Università Urbaniana